Materials and processes (Record no. 4970)

000 -LEADER
fixed length control field 00678nam a2200241 a 4500
001 - CONTROL NUMBER
control field 4970
003 - CONTROL NUMBER IDENTIFIER
control field BD-DhUET
008 - FIXED-LENGTH DATA ELEMENTS--GENERAL INFORMATION
fixed length control field 850815s1985 nyua b 001 0 eng
020 ## - INTERNATIONAL STANDARD BOOK NUMBER
International Standard Book Number 0824771982
040 ## - CATALOGING SOURCE
Original cataloging agency DLC
Transcribing agency DLC
Modifying agency BD-DhUET
082 00 - DEWEY DECIMAL CLASSIFICATION NUMBER
Classification number 620.11
Item number YOU/1985
245 00 - TITLE STATEMENT
Title Materials and processes
Statement of responsibility, etc. edited by James F. Young and Robert S. Shane
250 ## - EDITION STATEMENT
Edition statement 3rd ed.
260 ## - PUBLICATION, DISTRIBUTION, ETC. (IMPRINT)
Place of publication, distribution, etc. New York
Name of publisher, distributor, etc. Marcel Dekker
Date of publication, distribution, etc. 1985
300 ## - PHYSICAL DESCRIPTION
Extent xxv, 1626 p.
Other physical details ill.
Dimensions 27 cm.
490 ## - SERIES STATEMENT
Series statement Materials engineering
500 ## - GENERAL NOTE
General note Part-B: processes
504 ## - BIBLIOGRAPHY, ETC. NOTE
Bibliography, etc Includes bibliographies
650 #0 - SUBJECT ADDED ENTRY--TOPICAL TERM
Topical term or geographic name as entry element Manufacturing processes
700 ## - ADDED ENTRY--PERSONAL NAME
Personal name Young, James F.
700 ## - ADDED ENTRY--PERSONAL NAME
Personal name Shane, Robert S.
942 ## - ADDED ENTRY ELEMENTS (KOHA)
Koha item type Edited Book
Holdings
Withdrawn status Location (home branch) Source of classification or shelving scheme Damaged status Not for loan Koha full call number Piece designation (barcode) Koha normalized classification for sorting Koha date last seen Shelving location Date acquired Koha item type Copy number Lost status Price effective from Sublocation or collection (holding branch)
 Central Library, BUET   620.11/MAT/198575467620_110000000000000_MAT_19852014-11-23Circulation section2014-11-23Edited Book1 2014-11-23Central Library, BUET
 Central Library, BUET   620.11/MAT/198575468620_110000000000000_MAT_19852014-11-23Circulation section2014-11-23Edited Book2 2014-11-23Central Library, BUET
 Central Library, BUET   620.11/MAT/198575478620_110000000000000_MAT_19852014-11-23Circulation section2014-11-23Edited Book3 2014-11-23Central Library, BUET
 Central Library, BUET   620.11/MAT/198575469620_000000000000000_11MAT19852014-12-03Circulation section2014-12-03Edited Book4 2014-12-03Central Library, BUET